Normal view
MARC view
Entry Συλλογικό όργανο
001 - ΑΡΙΘΜΟΣ ΕΛΕΓΧΟΥ
- Πεδίο ελέγχου: 9971
005 - ΗΜΕΡΟΜΗΝΙΑ - ΩΡΑ ΤΕΛΕΥΤΑΙΑΣ ΕΝΗΜΕΡΩΣΗΣ
- Πεδίο ελέγχου: 20250805130407.0
008 - ΣΤΟΙΧΕΙΑ ΔΕΔΟΜΕΝΩΝ ΣΤΑΘΕΡΟΥ ΜΗΚΟΥΣ
- Πεδίο ελέγχου σταθερού μήκους: 250805|| aca||aabn | a|a d
040 ## - ΠΗΓΗ ΚΑΤΑΛΟΓΟΓΡΑΦΗΣΗΣ
- Φορέας πρωτότυπης καταλογογράφησης: GR-AtMCL
- Γλώσσα καταλογογράφησης: gre
- Φορέας που τροποποιεί: GR-AtMCL
- Κανόνες περιγραφής: AACR2
110 ## - ΕΠΙΚΕΦΑΛΙΔΑ - ΟΝΟΜΑ ΣΥΛΛΟΓΙΚΟΥ ΟΡΓΑΝΟΥ
- Όνομα συλλογικού οργάνου ή δικαιοδοσίας ως στοιχείο αναγραφής : Πρωτοβουλία «Ελλάδα, Διεθές Κέντρο Εκπαίδευσης»
942 ## - KOHA INTERNAL USE
- Τύπος καθιερωμένου αρχείου: CORPO_NAME